000 00395nam a2200157Ia 4500
008 230917s9999||||xx |||||||||||||| ||und||
020 _cRS250
040 _e25926
_aMAIN
041 _aEnglish
082 _a006.7 V712M
100 _aVillamil, John
245 0 _aMultimedia: Production, planning and delivery
260 _aNew Delhi
_bPrentice-Hall
_c1998
300 _ax, 148 p.
942 _cBK
999 _c92208
_d92208